Hội họa toàn thư

Сохранить в:
Библиографические подробности
Главный автор: Phạm Khải
Формат:
Язык:Undetermined
Опубликовано: H. Mỹ Thuật 2003
Предметы:
Метки: Добавить метку
Нет меток, Требуется 1-ая метка записи!
Thư viện lưu trữ: Trung tâm Học liệu Trường Đại học Cần Thơ
LEADER 00532nam a2200193Ia 4500
001 CTU_58366
008 210402s9999 xx 000 0 und d
020 |b 320000 
082 |a 759 
082 |b Kh103 
100 |a Phạm Khải 
245 0 |a Hội họa toàn thư 
245 0 |c Phạm Khải 
260 |a H. 
260 |b Mỹ Thuật 
260 |c 2003 
650 |a painting - history,painting, ancient,painting, medieval,painting,modern 
904 |i Minh 
980 |a Trung tâm Học liệu Trường Đại học Cần Thơ